IFA Congress Seminar Series : (Record no. 622074)

MARC details
000 -LEADER
fixed length control field 00440nam a2200181 a 4500
008 - FIXED-LENGTH DATA ELEMENTS--GENERAL INFORMATION
fixed length control field 260502s1998##################000#0#eng##
020 ## - INTERNATIONAL STANDARD BOOK NUMBER
ISBN 9789041110114
082 04 - DEWEY DECIMAL CLASSIFICATION NUMBER
Classification number 343.05248
Item number BOR
245 10 - TITLE STATEMENT
Title IFA Congress Seminar Series :
260 ## - PUBLICATION, DISTRIBUTION, ETC. (IMPRINT)
Year of publication 1998.
300 ## - PHYSICAL DESCRIPTION
Number of Pages 212 pages
650 #0 - SUBJECT ADDED ENTRY--TOPICAL TERM
Topical Term Taxation.
942 ## - ADDED ENTRY ELEMENTS (KOHA)
Koha item type English Books
Holdings
Withdrawn status Lost status Damaged status Not for loan Home library Current library Date acquired Full call number Accession Number Price effective from Koha item type
        Anna Centenary Library Anna Centenary Library 02.05.2026 343.05248 BOR 138252 02.05.2026 English Books

Find us on the map